کر بلا کے بعد قا تلا ن حسين کا عبر ت نا ک ا نجا م (Record no. 169795)

MARC details
000 -LEADER
fixed length control field 00699nam a22001937a 4500
005 - DATE AND TIME OF LATEST TRANSACTION
control field 20191204152336.0
010 ## - LCCN (DPL NO)
LC control number A-586617
020 ## - INTERNATIONAL STANDARD BOOK NUMBER
Terms of availability N.A.
035 ## - SYSTEM CONTROL NUMBER
System control number A-586617
037 ## - SOURCE OF ACQUISITION
Source of stock number/acquisition BPPD
082 ## - DEWEY DECIMAL CLASSIFICATION NUMBER
Classification number 270
100 ## - MAIN ENTRY--PERSONAL NAME
Personal name ميتا ممتا پر و ا نہ
245 ## - TITLE STATEMENT
Title کر بلا کے بعد قا تلا ن حسين کا عبر ت نا ک ا نجا م
Statement of responsibility, etc پر و ا نہ ر د و لو ی
246 ## - VARYING FORM OF TITLE
Title proper/short title Karbala ke Baad Qatilan Hussain ka Ibrat Naak Anjam (Urdu)
Remainder of title by Parvana Radolvi
260 ## - PUBLICATION, DISTRIBUTION, ETC. (IMPRINT)
Place of publication, distribution, etc N.Delhi
Name of publisher, distributor, etc Parvana Radolvi
Date of publication, distribution, etc N.A.
270 ## - ADDRESS
Address 165,Houz Rani Malviya Nagar ,
City N.Delhi
Postal code 110017
Telephone number 6452539
300 ## - PHYSICAL DESCRIPTION
Extent 120 ص
Dimensions 22 cm(hb)
942 ## - ADDED ENTRY ELEMENTS (KOHA)
Source of classification or shelving scheme Dewey Decimal Classification
Item type Urdu Bks
Classification part 270
Call number suffix پ ر و
Holdings
Withdrawn status Lost status Not for loan Collection code Home library Current library Date acquired Source of acquisition Cost, normal purchase price Full call number Barcode Copy number Cost, replacement price Koha item type
    Ordered Non-fiction Central Library Central Library 04/12/2019 BPPD/Ven. 0.00 270 پ ر و A-586617 1 0.00 Urdu Bks

© Delhi Public Library
Hit Counter
free hit counter